00337nam a2200109Ia 4500008004100000082000800041100002000049245004200069942000600111952009500117999001500212240331s9999 xx 000 0 und d bKRI aKrishnarajah, S 0aIrupatham nootrandin oviyak kolkaigal cL 001040708LaWERCLbWERCLcSSCd2024-03-31l0o 791 KRIp2389r2024-03-31w2024-03-31yL c3658d3658